Detalles MARC
| 000 -CABECERA |
| campo de control de longitud fija |
01139cam a2200277 a 4500 |
| 001 - NÚMERO DE CONTROL |
| campo de control |
000019158 |
| 005 - FECHA Y HORA DE LA ÚLTIMA TRANSACCIÓN |
| campo de control |
20200929165933.0 |
| 008 - DATOS DE LONGITUD FIJA--INFORMACIÓN GENERAL |
| campo de control de longitud fija |
900209s1986 ve af 000 0dspa |
| 020 ## - NÚMERO INTERNACIONAL ESTÁNDAR DEL LIBRO |
| Número Internacional Estándar del Libro |
9802655910 |
| 040 ## - FUENTE DE LA CATALOGACIÓN |
| Centro catalogador/agencia de origen |
DO-SdBNP |
| Centro/agencia transcriptor |
DLC |
| Centro/agencia modificador |
DLC |
| -- |
BNPHU |
| 082 ## - NÚMERO DE LA CLASIFICACIÓN DECIMAL DEWEY |
| Número de clasificación |
988.1 |
| Número de documento/Ítem |
R163d |
| 049 ## - FONDOS LOCALES (OCLC) |
| Fondos de biblioteca |
BNGR |
| 100 1# - ENTRADA PRINCIPAL--NOMBRE DE PERSONA |
| Nombre de persona |
Raleigh, Walter, |
| Títulos y otros términos asociados al nombre |
Sir, |
| Fechas asociadas al nombre |
1552-1618. |
| 9 (RLIN) |
41233 |
| 240 10 - TÍTULO UNIFORME |
| Título uniforme |
Discovery of the large, rich, and beautiful empire of Guiana. |
| Lenguaje de la obra |
Spanish |
| 245 13 - MENCIÓN DE TÍTULO |
| Título |
El descubrimiento del grande, rico y bello imperio de Guayana / |
| Mención de responsabilidad, etc. |
Sir Walter Raleigh ; prologo, traduccion y notas Antonio Requena ; notas complementarias Demetrio Ramos Perez ; semblanza Antonio Requena Raul Nass. |
| 260 ## - PUBLICACIÓN, DISTRIBUCIÓN, ETC. |
| Lugar de publicación, distribución, etc. |
Caracas : |
| Nombre del editor, distribuidor, etc. |
Ediciones Juvenal Herrera, |
| Fecha de publicación, distribución, etc. |
1986. |
| 300 ## - DESCRIPCIÓN FÍSICA |
| Extensión |
164 p. : |
| Otras características físicas |
il. ; |
| Dimensiones |
23 cm. |
| 651 #4 - PUNTO DE ACCESO ADICIONAL DE MATERIA--NOMBRE GEOGRÁFICO |
| Nombre geográfico |
Guayana |
| Subdivisión general |
Descripción Y Viajes |
| 9 (RLIN) |
41234 |
| 650 #4 - PUNTO DE ACCESO ADICIONAL DE MATERIA--TÉRMINO DE MATERIA |
| Término de materia o nombre geográfico como elemento de entrada |
El dorado. |
| 9 (RLIN) |
41235 |
| 600 14 - PUNTO DE ACCESO ADICIONAL DE MATERIA--NOMBRE DE PERSONA |
| Nombre de persona |
RALEIGH, WALTER, |
| Títulos y otros términos asociados al nombre |
SIR, |
| Fechas asociadas al nombre |
1552-1618 |
| Subdivisión general |
VIAJES |
| Subdivisión geográfica |
GUAYANA |
| 9 (RLIN) |
41236 |
| 651 #4 - PUNTO DE ACCESO ADICIONAL DE MATERIA--NOMBRE GEOGRÁFICO |
| Nombre geográfico |
América |
| Subdivisión de forma |
PRIMEROS RELATOS |
| 9 (RLIN) |
41237 |
| 700 1# - PUNTO DE ACCESO ADICIONAL--NOMBRE DE PERSONA |
| Nombre de persona |
Requena, Antonio, |
| Término indicativo de función/relación |
pról. |
| 9 (RLIN) |
41238 |
| 700 1# - PUNTO DE ACCESO ADICIONAL--NOMBRE DE PERSONA |
| Nombre de persona |
Ramos Pérez, Demetrio. |
| 9 (RLIN) |
4779 |
| 700 1# - PUNTO DE ACCESO ADICIONAL--NOMBRE DE PERSONA |
| Nombre de persona |
Nass, Raul |
| 9 (RLIN) |
41239 |
| 910 ## - DATOS DE OPCIÓN DEL USUARIO (OCLC) |
| Datos de opción del usuario |
Catalogación derivada / LC |